Mot mystérieux - Série 02 - Statistiques

Statistiques générales
  • Ce quiz a été pris 268 fois
  • Le résultat moyen est 7 sur 10
Statistiques - réponses
Indices Mot % Correct
Nationale - Barrer - Accident - Code Route
93%
Papillon - Corde - Coulant - Sac Noeud
92%
Secours - Colimaçon - Mécanique - Cage Escalier
91%
Chute - Fonte - Blanc - Eternelle Neige
89%
Main - Zodiacal - Particulier - Amical Signe
81%
Eau - Incendie - Fine - Egoût Bouche
80%
Sac - Noces - Organisé - Agence Voyage
76%
Heure - Glissière - Eclair - Automatique Fermeture
72%
Feu - Air - Dragée - Eglise Baptême
43%
Conforme - Plate - Art - Jeu Règle
33%
Aucun quiz correspondant
Distribution des résultats
% des personnes avec chaque résultat
Percentile par nombre de réponses
Votre historique - résultats
Vous n’avez pas pris ce quiz